000 00346nam a2200133Ia 4500
005 20260326100044.0
008 260326s9999||||xx |||||||||||||| ||und||
100 _aAlva Martínez, Ernesto
245 0 _aJóvenes Arquitectos Mexicanos /
_cErnesto Alva Martínez
260 _bLitoprocess
300 _a202 p.
650 _aARQUITECTOS
942 _cBK
999 _c7117
_d7117